00961nam a2200241 a 450000100100000000500170001000800410002704000250006808200180009310000350011124500680014626000580021430000280027249000420030049000210034250000740036365000350043783000490047283000280052191000370054995201160058699900170070200004174120201002035729.0131016s1987 mx a 001 0 spa d aDO-SdBNPbspacBNPHU a709.72bP348p1 aPaz, Octaviod1914-1998.9870313aLos Privilegios de la vista :barte de México /cOctavio Paz. aMéxico, D. F. :bFondo de Cultura Economica,c1987. a513 p. :bil. ;c21 cm.1 aMéxico en la obra de Octavio Pazv31 aLetras mexicanas aIncluye referencias bibliográficas y notas al pie de las páginas. 4aArte mexicanoySIGLO XX968587 0aMéxico en la obra de Octavio Pazn3968588 0aLetras mexicanas914219 aValidado. Control de calidad MFF 001050718MOaGRbGRcHDd2013-10-16iLF1l0o709.72 P348pp41741-10r2020-06-25w2020-06-25y1ZNo se presta c41230d41230